Asian Countries With no Borders - Statistics

General Stats
  • This quiz has been taken 523 times
  • The average score is 6 of 8
Answer Stats
Country % Correct
Japan
91%
Sri Lanka
84%
Maldives
82%
Taiwan
79%
Philippines
77%
Bahrain
66%
Cyprus
53%
Singapore
52%
No matching quizzes found
Score Distribution
Percent of People with Each Score
Percentile by Number Answered
Your Score History
You have not taken this quiz